000
00284nam a22001337a 4500
008
180215b xxu||||| |||| 00| 0 eng d
020
_a
9780789718525
041
_a
eng
080
_a
004
100
_a
28
101
_a
SHK
245
_a
Using word 2000
_c
Camarda,B
942
_2
udc
_c
BK
999
_c
42705
_d
42705